Workbook for Organic Synthesis Strategy and Control /
Na minha lista:
| Autor principal: | |
|---|---|
| Outros Autores: | |
| Formato: | Livro |
| Idioma: | inglês |
| Publicado em: |
Chichester
John Wiley and Sons
2008
|
| Assuntos: | |
| Acesso em linha: | View in OPAC |
| Tags: |
Sem tags, seja o primeiro a adicionar uma tag!
|
MARC
| LEADER | 00000cam a2200000 a 4500 | ||
|---|---|---|---|
| 005 | 20260127134221.0 | ||
| 008 | 081010s2008 enka b 001 0 eng c | ||
| 020 | |a 9780471929642 (Softcover) | ||
| 035 | |a vtls009345754 | ||
| 039 | 9 | |a 200810101344 |b mschk03 |y 200810101313 |z mschk03 | |
| 040 | |a STUSCHK1 |e ng |c STUSCHK1 | ||
| 042 | |a pcc | ||
| 082 | 0 | 0 | |a 547/.2 |2 22 |
| 100 | 1 | |a Wyatt, Paul | |
| 245 | 1 | 0 | |a Workbook for Organic Synthesis |b Strategy and Control / |c paul Wyatt, Stuart Warren |
| 260 | |a Chichester |b John Wiley and Sons |c 2008 | ||
| 300 | |a viiii, 492 p. |b ill. |c 24,5 cm. | ||
| 650 | 0 | |a Organic compounds |x Synthesis. | |
| 700 | 1 | |a Warren, Stuart | |
| 910 | |a SCHK95 | ||
| 919 | |a 978-0-471-92964-2 (brož.) | ||
| 999 | |c 6958 |d 6958 | ||